| 000 | 00435nam a2200145 4500 | ||
|---|---|---|---|
| 001 | 120171 | ||
| 003 | ES-MaACL | ||
| 007 | t| | ||
| 008 | 070214s1939 sp r ||||1| spa d | ||
| 100 | 1 |
_aPiqué Batlle, Ricardo. _992319 |
|
| 245 | 1 | 0 |
_aCómo se lee y examina un balance / _cpor Ricardo Piqué Batlle. |
| 260 |
_aBarcelona : _b[s. n.], _c1939 ( _fImp. Clarassó) |
||
| 300 |
_a310 p. ; _c22 cm. |
||
| 852 |
_aES-MaACL _jB-9146 _bR.18779 |
||
| 999 |
_c120171 _d120171 |
||